La economía de la empresa / (Record no. 52456)

MARC details
000 -LEADER
campo de control de longitud fija 00642nam a2200181 i 4500
001 - NÚMERO DE CONTROL
campo de control 52456
003 - IDENTIFICADOR DE NÚMERO DE CONTROL
campo de control ES-MaACL
007 - CAMPO FIJO DE DESCRIPCIÓN FÍSICA--INFORMACIÓN GENERAL
campo de control de longitud fija t|
008 - DATOS DE LONGITUD FIJA--INFORMACIÓN GENERAL
campo de control de longitud fija 030829s1953 sp ||||1| spa d
100 1# - ENTRADA PRINCIPAL--NOMBRE DE PERSONA
Nombre de persona Davenport, Herbert Joseph.
9 (RLIN) 42861
245 13 - MENCIÓN DEL TÍTULO
Título La economía de la empresa /
Mención de responsabilidad, etc. Herbert Joseph Davenport ; traducción del inglés por Agustín Caballero ; introducción de Manuel de Torres.
260 ## - PUBLICACIÓN, DISTRIBUCIÓN, ETC.
Lugar de publicación, distribución, etc. Madrid :
Nombre del editor, distribuidor, etc. Aguilar,
Fecha de publicación, distribución, etc. [1953] (
Fabricante Marto)
300 ## - DESCRIPCIÓN FÍSICA
Extensión XXIII, 449 p. ;
Dimensiones 22 cm.
700 0# - ENTRADA AGREGADA--NOMBRE PERSONAL
Nombre de persona Caballero Robredo, Agustín
9 (RLIN) 33117
700 1# - ENTRADA AGREGADA--NOMBRE PERSONAL
Nombre de persona Torres, Manuel de.
9 (RLIN) 110904
852 ## - LOCALIZACIÓN
Ubicación ES-MaACL
Número de control de estantería C-5857
Sublocalización o colección R.35329
Holdings
Estatus retirado Estado de pérdida Estado de daño No para préstamo Biblioteca de origen Biblioteca actual Ubicación en estantería Fecha de adquisición Fuente de adquisición Total de préstamos Signatura topográfica completa Código de barras Visto por última vez Precio de reemplazo Tipo de ítem Koha
        Biblioteca del Ateneo de Madrid Biblioteca del Ateneo de Madrid Sala Palomar 17/01/2008     C-5857 1055138 23/02/2023 23/02/2023 Libro impreso